00387nam a2200121Ia 4500008004100000100002400041245010200065260004000167300001000207650001700217650001800234650001300252220216s9999 xx 000 0 und d aPanphim Somprathana 0aOpportunity in world market for the Thai rubber glove manufacturers who use innovative production bRubber International Magazinec2003 a66-70 aRubber glove aRubber market aThailand